00325nam a2200133Ia 4500008004100000041000800041082001600049100001900065245003100084260002400115300000800139365001500147700002900162230612s9999 xx 000 0 und d aeng a621.381 CHO aChoudhury D.R. aLinear Integrated Circuits c1991bWiley Eastern a421 cRs.b95.00 aChoudhury D.R. & Jain S.